000 00430nam a2200157Ia 4500
008 221030s9999 xx 000 0 und d
020 _a8187972884
041 _aEnglish
100 _aR. S. Gaonkar
245 0 _aMicroprcessor, Architecture, Programming, & Applications with the 8085
_cby R. S. Gaonkar
250 _a6th
260 _bPenram International Pub
_aNew Delhi
_c2016
300 _a814
650 _aIT
942 _cBK
999 _c15996
_d15996